000 00534nam a2200229Ia 4500
003 OSt
005 20230525193004.0
008 210423s2000 xx 000 0 und d
040 _cAL
041 _akan
082 _a954.8K
_223
_bCHAD
100 _aCHANDRASHEKAR (S)
_9114621
245 _aDakshina bharatha
250 _a1
260 _aHampi
_bPrasasanga
_c2000
300 _avi,276
_bPB
365 _b120
_cINR
440 _v1
650 _aHistory of India
_9114622
906 _abharatha. ; Dakshina
942 _2ddc
_cBK
999 _c173336
_d173336